| 000 | 01585cam a2200409 a 4500 | ||
|---|---|---|---|
| 001 | EDZ0000064101 | ||
| 003 | StDuBDS | ||
| 005 | 20161031105218.0 | ||
| 006 | m||||||||d|||||||| | ||
| 007 | cr ||||||||||| | ||
| 008 | 120327s2001 enk fo| 001|0|eng d | ||
| 020 |
_a9781446217177 (ebook) : _cNo price |
||
| 040 |
_aStDuBDS _beng _cStDuBDS _epn |
||
| 049 | _aAlfaisal Main Library | ||
| 050 | 0 |
_aHM1276 _b.W75 2001 |
|
| 082 | 0 | 4 |
_a302.540978 _223 |
| 100 | 1 | _aWright, Will. | |
| 245 | 1 | 4 |
_aThe Wild West _h[electronic resource] : _bthe mythical cowboy and social theory / _cWill Wright. |
| 260 |
_aLondon : _bSAGE, _c2001. |
||
| 300 | _a1 online resource ([vi], 205 p.). | ||
| 490 | 1 | _aCore cultural icons | |
| 504 | _aIncludes bibliographical references and index. | ||
| 520 | 8 | _aWill Wright explores the continuing popularity of the myth of the Wild West, demonstrating how, as a cultural icon, it speaks deeply to a desire for individualism and liberty. The author discusses the myth through market and social theory. | |
| 521 | _aSpecialized. | ||
| 588 | _aDescription based on print version record. | ||
| 650 | 0 | _aIndividualism. | |
| 650 | 0 |
_aIndividualism _zWest (U.S.) |
|
| 650 | 0 | _aSocial contract. | |
| 650 | 0 |
_aCivil society _zWest (U.S.) |
|
| 651 | 0 |
_aWest (U.S.) _xSocial conditions. |
|
| 655 | 7 |
_aElectronic books. _2local |
|
| 710 | 2 | _aSage eBooks | |
| 776 | 0 | 8 |
_iPrint version : _z9780761952336 |
| 830 | 0 | _aCore cultural icons. | |
| 856 | 4 | 0 | _uhttp://ezproxy.alfaisal.edu/login?url=http://sk.sagepub.com/books/the-wild-west |
| 942 |
_2lcc _cEBOOKS |
||
| 999 |
_c481820 _d481820 |
||